000 01262nam a22003015i 4500
001 168809
003 ES-MaACL
005 20230906213910.0
008 080610s2000 sp |||| | spa d
020 _a84-7664-715-8
080 _a551.435.7(0:77)(064.3)
080 _a77"19"(064.3)
245 0 3 _aEl desierto :
_bla exposición "El desierto" ha sido concebida y producida por la Fondation Cartier pour l'art contemporain de París y organizada por la Fundación "la Caixa".
250 _a1ª ed.
260 _aBarcelona :
_bFundación "la Caixa",
_c[2000]
300 _a192 p. :
_bfot. ;
_c30 cm.
504 _aBibliografía.
585 _aExposición: Centre Cultural de la Fundación "la Caixa", Barcelona, del 26 de enero al 15 de abril de 2001; Centro Andaluz de Arte Contemporáneo, Sevilla, del 10 de mayo al 22 de julio de 2001.
650 4 _aFotografía de la naturaleza-
_vExposiciones.
_9166147
650 4 _aDesiertos-
_vExposiciones.
_9174101
655 7 _2tgfbne
_9193628
_aCatálogos de exposiciones
710 2 _aFondation Cartier.
_9137926
710 2 _aFundació "la Caixa"
_9173255
710 2 _aCentro Andaluz de Arte Contemporáneo.
_92563
852 4 _aES-MaACL
_jL-29470
942 _2udc
999 _c168809
_d168809